Normal view
MARC view
Entry Topical Term
001 - CONTROL NUMBER
- control field: 32372
003 - CONTROL NUMBER IDENTIFIER
- control field: dpl
005 - DATE AND TIME OF LATEST TRANSACTION
- control field: 20110810160016.0
008 - FIXED-LENGTH DATA ELEMENTS
- fixed length control field: 110810|||a|||||| | ||| d
040 ## - CATALOGING SOURCE
- Original cataloging agency: dpl
- Transcribing agency: dpl
150 ## - HEADING--TOPICAL TERM
- Topical term or geographic name as entry element: Good and evil
- Form subdivision: Drama.
670 ## - SOURCE DATA FOUND
- Source citation: Work cat.: (dpl)0: Harry Potter and the Half-Blood Prince /, c2011.
670 ## - SOURCE DATA FOUND
- Source citation: Work cat.: (dpl)0: Harry Potter and the Half-Blood Prince /, c2011.
